Biggest 11+ Letter European Cities on a Map - Statistics

General Stats
  • This quiz has been taken 171 times
  • The average score is 15 of 28
Answers on the Map
Answers color-coded by a green-red scale on the quiz's map according to % correct below.
 
Answer Stats
Population City % Correct
5,384,342 Saint Petersburg
99%
493,256 Kaliningrad
92%
315,196 Thessaloniki
87%
1,244,254 Nizhny Novgorod
82%
269,750 Southampton
81%
290,053 Montpellier
74%
261,034 Mönchengladbach
62%
344,927 Arkhangelsk
61%
269,382 L'Hospitalet de Llobregat
59%
230,031 Northampton
57%
259,645 Gelsenkirchen
56%
220,873 Wolverhampton
53%
253,996 Vitoria-Gasteiz
49%
604,266 Makhachkala
46%
237,686 Ivano-Frankivsk
44%
217,530 Częstochowa
40%
225,019 Veliky Novgorod
40%
413,251 Magnitogorsk
39%
532,074 Naberezhnye Chelny
37%
280,711 Petrozavodsk
37%
301,543 Vladikavkaz
37%
275,795 Novorossiysk
35%
273,713 Khmelnytskyi
32%
225,339 Kropyvnytskyi
32%
274,134 Sterlitamak
32%
312,091 Cherepovets
31%
240,097 Nizhnekamsk
30%
209,238 Bila Tserkva
29%
No matching quizzes found
Score Distribution
Percent of People with Each Score
Percentile by Number Answered
Your Score History
You have not taken this quiz